000 00715nam a2200217 a 4500
005 20140310183527.0
008 111013s19uu xx 00 eng d
010 _a2007939975
020 _a9780761968795
050 _aPN 4784.T4
_b.T485 2010
100 _aThussu, Daya Kishan
245 _aNews as entertainment :
_bthe rise of global infotainment /
_cDaya Kishan Thussu.
260 _aThousand Oaks, Calif :
_bSAGE,
_c2010.
300 _aix, 214 p. :
_c24 cm.
500 _aIncludes bibliographical references (p. [180]-201) and index.
521 _aMC
650 _aTelevision broadcasting of news
_xEconomic aspects
650 _aSensationalism in journalism
942 _cBK
_2lcc
_kFOR
999 _c24530
_d24530